000 00800nam a2200217 i 4500
001 80474
003 ES-MaACL
005 20230906174226.0
007 t|
008 041028s1983 sp ||||1| spa d
100 1 _aHill, Christopher.
_963696
245 1 3 _aEl mundo trastornado
_b: el ideario popular extremista en la revolución inglesa del siglo XVII /
_cpor Christopher Hill ; [traducción Mª del Carmen Ruiz de Elvira].
250 _a[1ª ed. en castellano].
260 _a[Madrid :
_bSiglo XXI de España,
_c1983]
300 _aX, 418 p. ;
_c20 cm.
490 1 _aHistoria de los movimientos sociales
700 1 _aRuiz de Elvira Hidalgo, María-Carmen.
_9100738
830 0 _aHistoria de los movimientos sociales
_9180737
852 _aES-MaACL
_jL-5516
_bR.105987
999 _c80474
_d80474